| 000 | 03607nam a2200445Ia 4500 | ||
|---|---|---|---|
| 001 | bslw08948641 | ||
| 003 | UtOrBLW | ||
| 005 | 20210303085209.0 | ||
| 006 | m d | ||
| 007 | cr un||||||||| | ||
| 008 | 121129s2012 enka ob 000 0 eng d | ||
| 020 |
_a9780857246844 (electronic bk.) : _c£67.95 ; €97.95 ; $124.95 |
||
| 040 |
_aUtOrBLW _cUtOrBLW |
||
| 050 | 4 |
_aG155.A1 _bC85 2012 |
|
| 072 | 7 |
_aKNSG _2bicssc |
|
| 072 | 7 |
_aJF _2bicssc |
|
| 072 | 7 |
_aBUS081000 _2bisacsh |
|
| 072 | 7 |
_aSOC000000 _2bisacsh |
|
| 072 | 7 |
_aSOC026000 _2bisacsh |
|
| 080 | _a338.48 | ||
| 082 | 0 | 4 |
_a338.4791 _223 |
| 245 | 0 | 0 |
_aCulture and society in tourism contexts _h[electronic resource] / _cedited by A.-M. Nogués-Pedregal. |
| 260 |
_aBingley, U.K. : _bEmerald, _c2012. |
||
| 300 |
_a1 online resource (xxiv, 251 p.) : _bill. |
||
| 490 | 1 |
_aTourism social science series, _x1571-5043 ; _vv. 17 |
|
| 504 | _aIncludes bibliographical references. | ||
| 505 | 0 | _aIntroduction / A.-M. Nogués-Pedregal -- ch. 1. Instrumental cosmopolitanism : the 'valorization' of heritage and sociality in Mediterranean cities / Julie Scott -- ch. 2. Touring the frontier : reinventing the eastern Adriatic for tourism / Emilio Cocco -- ch. 3. When the desirable and the feasible converge through tourism space / A.-M. Nogués-Pedregal -- ch. 4. Negotiating Marrakech : postcolonial travels in Morocco / Lauren Wagner, Claudio Minca -- ch. 5. Building tourism in Costa Blanca : second homes, second chances? / Antonio Aledo, Jens Kr. Steen Jacobsen, Leif Selstad -- ch. 6. Across social categories and boundaries : transnational mobilities and interculturality / Regina Römhild -- ch. 7. Borders of (in)visibility in the Greek Aegean / Heath Cabot, Ramona Lenz -- Conclusion : sociocultural nature and context of tourism / A.-M. Nogués-Pedregal. | |
| 520 | _aThis book strives to understand the social and cultural dynamics in Mediterranean tourist destinations through ethnographic examples from Greece, Spain, Egypt, France, Malta and Crete. Migrants, tourists and new residents with different nationalities and personal motivations converge and share with locals in the same locations and/or create new places that mushroom all over the territories (i.e. urbanisations in the coasts). As this occurs the practices and meanings that give sense to daily life seem to blur traditional dichotomic notions such as leisure and labour, residents or locals, nationals or foreigners. The work of several social scientists, from varied backgrounds, over numerous years, using multiple research techniques to observe cultures and societies as they occur in daily practices is documented here. This book underlines the importance of focusing on the relations among the relations, that is, not simply looking at only one of the possible social pairs among these groups (i.e. tourists-locals; tourist-new residents etc.) but at how the presence of all the groups affect both the whole social and cultural processes and the relations among them. | ||
| 588 | 0 | _aPrint version record | |
| 650 | 7 |
_aBusiness & Economics _xIndustries _xHospitality, Travel & Tourism. _2bisacsh |
|
| 650 | 7 |
_aSocial Science _xGeneral. _2bisacsh |
|
| 650 | 7 |
_aSocial Science _xSociology _xGeneral. _2bisacsh |
|
| 650 | 7 |
_aTourism industry. _2bicssc |
|
| 650 | 7 |
_aSociety & culture: general. _2bicssc |
|
| 650 | 0 |
_aTourism _xSocial aspects. |
|
| 700 | 1 | _aNogués-Pedregal, A. M. | |
| 776 | 1 | _z9780857246837 | |
| 830 | 0 |
_aTourism social science series ; _vv. 17. |
|
| 856 | 4 | 0 | _uhttps://www.emerald.com/insight/publication/doi/10.1108/S1571-5043(2012)17 |
| 999 |
_c31148 _d31148 |
||